Statistics for YouTube Channels With Over 100 Million Subscribers

Click here to take the quiz!

General Stats

  • This quiz has been taken 119 times
    (7 since last reset)
  • The average score is 6 of 10

Answer Stats

SubscribersCountryChannel% Correct
265IndiaT-Series
100%
259United StatesMrBeast
83%
111SwedenPewDiePie
83%
175United StatesCocomelon - Nursery Rhymes
67%
122UkraineKids Diana Show
50%
115Russia/United StatesLike Nastya
50%
172IndiaSET India
50%
117RussiaVlad and Niki
50%
101United StatesWWE
50%
107IndiaZee Music Company
50%

Score Distribution

Percentile by Number Answered

Percent of People with Each Score

Your Score History

You have not taken this quiz since the last reset